Tizennégy együttes a néptáncfesztiválon

Elmentve itt :
Bibliográfiai részletek
Szerző: Varjú Erika
Dokumentumtípus: Cikk
Megjelent: 1985-07-10
Sorozat:Délmagyarország 75 No. 160
Kulcsszavak:néptáncfesztivál
Online Access:http://dmarchiv.bibl.u-szeged.hu/120995
LEADER 00466nab a2200157 i 4500
001 delm120995
005 20190909141807.0
008 190909s1985 hu o 0|| hun d
040 |a SZTE Délmagyarország Archívum  |b hun 
041 |a hun 
100 1 |a Varjú Erika 
245 1 0 |a Tizennégy együttes a néptáncfesztiválon  |h [elektronikus dokumentum] /  |c  Varjú Erika 
260 |c 1985-07-10 
300 |a 1 
490 0 |a Délmagyarország  |v 75 No. 160 
695 |a néptáncfesztivál